Some abuses of the law detected : in a seasonable discourse thereupon between a Parliament-man and a lawyer, now recomended to the consideration of the Parliament.

Bibliographic Details
Format: eBook
Language:English
Published: London : Printed by Andrew Sowle, [1689?]
Series:Early English books online.
Subjects:
Online Access:Connect to the full text of this electronic book

MARC

Tag First Indicator Second Indicator Subfields
LEADER 00000nam a2200000Ia 4500
001 in00004177913
005 20200807090244.0
006 m g d
007 cr bn |||a|bb|
008 830111s1689 enk o 00| | eng d
035 |a (OCoLC)9118626 
040 |a EEU  |c EEU  |d WaOLN 
037 |a CL0037000043  |b ProQuest Information and Learning. 300 N. Zeeb Rd., Ann Arbor, MI 48106 
043 |a e-uk--- 
049 |a EEUB 
090 |a KD662  |b .S65 
245 0 0 |a Some abuses of the law detected :  |b in a seasonable discourse thereupon between a Parliament-man and a lawyer, now recomended to the consideration of the Parliament. 
260 |a London :  |b Printed by Andrew Sowle,  |c [1689?] 
300 |a 1 online resource (4 pages) 
336 |a text  |b txt  |2 rdacontent 
337 |a computer  |b c  |2 rdamedia 
338 |a online resource  |b cr  |2 rdacarrier 
500 |a Caption title. 
500 |a Reproduction of original in the Huntington Library. 
510 4 |a Wing  |c S4465. 
533 |a Electronic reproduction.  |b Ann Arbor, Mich. :  |c UMI,  |d 1999-  |f (Early English books online)  |n Digital version of: (Early English books, 1641-1700 ; 1295:21)  |7 s1999 miun s 
650 0 |a Law  |z Great Britain. 
650 0 |a Justice, Administration of  |z Great Britain. 
830 0 |a Early English books online. 
856 4 0 |u http://proxy.library.tamu.edu/login?url=https://search.proquest.com/docview/2264211521  |z Connect to the full text of this electronic book  |t 0 
999 f f |s 2a05650d-ea48-31b1-b14f-818b10a4d777  |i c5371bd9-c2d1-322b-b259-b0f39d75b952  |t 0 
952 f f |a Texas A&M University  |b College Station  |c Electronic Resources  |d Available Online  |t 0  |e KD662 .S65  |h Library of Congress classification 
998 f f |a KD662 .S65  |t 0  |l Available Online